Normal view
MARC view
- Antígona (Personatge mitològic)
Entry Nom personal
001 - NÚMERO DE CONTROL
- campo de control: 166904
003 - IDENTIFICADOR DEL NÚMERO DE CONTROL
- campo de control: ES-BaIT
005 - FECHA Y HORA DE LA ÚLTIMA TRANSACCIÓN
- campo de control: 20250829123742.0
008 - DATOS DE LONGITUD FIJA
- campo de control de longitud fija: 250829|| aca||aabn | a|a d
040 ## - FUENTE DE LA CATALOGACIÓN
- Centro catalogador/agencia de origen: ES-BaIT
100 0# - ENCABEZAMIENTO-NOMBRE DE PERSONA
- Nombre de persona: Antígona (Personatge mitològic)
- Subdivisión general: Textos dramàtics


